| 000 | 00684nam a2200205 4500 | ||
|---|---|---|---|
| 001 | 107019 | ||
| 003 | ES-MaACL | ||
| 005 | 20251016163307.0 | ||
| 007 | t| | ||
| 008 | 061121s1951 sp r ||||1| spa d | ||
| 100 | 1 |
_aMoral Torres, Juan. _982952 |
|
| 245 | 1 | 0 |
_aManual de práctica operatoria / _cJuan Moral Torres, J. Cano Ivorra, I. Ramos Fuentes; prólogo F. Martín Lagos. |
| 260 |
_aMadrid : _b[s.n.], _c1951 ( _fEstades) |
||
| 300 |
_aXXIV, 497 p. : _bil ; _c25 cm. |
||
| 700 | 1 |
_aCano Ivorra, J. _934552 |
|
| 700 | 1 |
_aRamos Fuentes, I. _995315 |
|
| 700 | 1 |
_aMartín Lagos, Francisco, _d1897-1972 _977533 |
|
| 852 |
_aES-MaACL _jE-1421 _bR.31447 |
||
| 999 |
_c107019 _d107019 |
||